Estadísticas para Top 10 Mejores Clubes de la UEFA por Año

Haz click aquí para intentar la prueba.

Estadísticas generales

  • Esta prueba ha sido intentada 140 veces
  • La puntuación promedio es 15 de 18

Estadísticas de respuestas

# AñosClub% Correcto
10Barcelona
100%
10Real Madrid
100%
6Manchester City
98%
10Bayern Munich
97%
6Chelsea
96%
4Liverpool
96%
6Manchester United
93%
8Juventus
92%
9Atlético Madrid
90%
8PSG
88%
6Arsenal
82%
4Sevilla
80%
3Borussia Dortmund
79%
3Porto
69%
4SL Benfica
66%
1Valencia
66%
1AS Roma
56%
1Schalke 04
14%

Distribución de puntuación

Porcentaje por número respondido

Porcentaje de gente con cada puntuación

Historial de tus puntuaciones

No has intentado esta prueba.